000 00470nam a2200169Ia 4500
999 _c28736
_d28736
003 OSt
005 20201203124233.0
008 190216s9999||||xx |||||||||||||| ||und||
040 _coclc
082 _a894.8123
_bNIR/V
100 _aNirmala, C V
_97171
245 0 _aVivahavarshikam /
_cC V Nirmala
260 _bOrient Publishers,
_aKozhikode:
_c2004.
300 _a272p
650 _aNovel
942 _cBK
_2ddc
_h894.8123
_iNIR/V
_k894.8123
_mNIR/V